| 000 | 00468nam a2200169Ia 4500 | ||
|---|---|---|---|
| 999 |
_c19519 _d19519 |
||
| 003 | OSt | ||
| 005 | 20200701110405.0 | ||
| 008 | 190216s9999||||xx |||||||||||||| ||und|| | ||
| 040 | _coclc | ||
| 082 |
_a909 _bROB/P |
||
| 100 |
_aRoberts, J M _93383 |
||
| 245 | 4 |
_aThe Pelican History Of The World / _cJ M Roberts |
|
| 260 |
_bPenguin Books, _aEngland: |
||
| 300 | _a1052p | ||
| 650 | _aWorld History | ||
| 942 |
_cBK _2ddc _h909 _iROB/P _k909 _mROB/P |
||